| 000 | 00649nam a22002297a 4500 | ||
|---|---|---|---|
| 001 | BD-DhSAU 5306 | ||
| 003 | BD-DhSAU | ||
| 005 | 20150415111445.0 | ||
| 008 | 150415b1942 enka|||| |||| 001 0 eng d | ||
| 040 | _aBD-DhSAU | ||
| 082 |
_222 _a536.1 _bROA |
||
| 100 | _aRobinson, William | ||
| 245 |
_aApplied thermodynamics / _cWilliam Robinson, John M. Dickson |
||
| 250 | _a2nd ed. | ||
| 260 |
_aLondon : _bSir Isaac Pitman & Sons , _cc1942. |
||
| 300 |
_axi, 585 p. : _bill. ; _c22 cm. |
||
| 440 | _aEngineering degree series. | ||
| 504 | _aIncludes index. | ||
| 590 | _aJerin | ||
| 650 | _a Thermodynamics. | ||
| 700 | _aDickson, John M. | ||
| 942 |
_2ddc _cBOOK |
||
| 999 |
_c5306 _d5306 |
||